000 00408nam a2200145Ia 4500
008 210716s2018 xx 000 0 und d
020 _a9788126586974
041 _aeng
082 _a153.94 NEET
245 _a21 years NEET: chapter wise solved papers.
_bChapter wise solved papers.
250 _a1
260 _aNew Delhi
_bWiley India Pvt Ltd
_c2018
300 _avi,284,239,349
650 _aAptitude Test
999 _c197073
_d197073